Statistics for Spanish and Portuguese people can understand this both!

Click here to take the quiz!

General Stats

  • This quiz has been taken 30 times
  • The average score is 9 of 15

Answer Stats

PortugueseSpanish% Correct
ComCon
91%
LivroLibro
91%
SeteSiete
91%
EuYo
91%
EscolaEscuela
83%
NósNosotros
83%
LimõesLimones
78%
ChegaLlega
74%
Onde Pablo Está?¿Dónde está Pablo?
70%
FalharFallar
57%
Ele ajudou-meÉl me ayudó
43%
LidoLeido
35%
ComeramComieron
30%
Ela fala inglês?¿Habla ella inglés?
17%
Pouquíssimos países no mundo estão orgulhosos de terem tantos estilos diferentes de música e dançaMuy pocos países en el mundo se enorgullecen de tener tantos estilos diferentens de música y baile
0%

Score Distribution

Percentile by Number Answered

Percent of People with Each Score

Your Score History

You have not taken this quiz